[Event "3. Memorial Oliver Gonzalez 2012 - B"]
[Site "Madrid ESP"]
[Date "2012.09.01"]
[Round "1.1"]
[White "Vazquez Gonzalez, Jesus"]
[Black "Hernandez Mateo, Borja"]
[Result "1-0"]
[WhiteElo "2061"]
[BlackElo "1719"]
[PlyCount "43"]
[EventDate "2012.09.01"]
[EventType "swiss"]
[EventRounds "9"]
[EventCountry "ESP"]
[Source "lmi"]
[SourceDate "2012.09.01"]

1. e4 c5 2. Nf3 d6 3. d4 cxd4 4. Nxd4 Nf6 5. Nc3 a6 6. Be2 e5 7. Nb3 Be7 8. O-O
O-O 9. a4 Be6 10. Be3 Nbd7 11. f4 Rc8 12. Nd2 Nb8 13. f5 Bd7 14. g4 Be8 15. Nc4
Nxg4 16. Bb6 Qd7 17. Bxg4 Rxc4 18. f6 Qc6 19. fxe7 Qxb6+ 20. Kh1 Qxb2 21.
exf8=Q+ Kxf8 22. Qxd6+ 1-0

[Event "3. Memorial Oliver Gonzalez 2012 - B"]
[Site "Madrid ESP"]
[Date "2012.09.01"]
[Round "1.2"]
[White "Garcia Hernandez, Javier"]
[Black "Quintero Torres, Pedro"]
[Result "0-1"]
[WhiteElo "1721"]
[BlackElo "2053"]
[PlyCount "74"]
[EventDate "2012.09.01"]
[EventType "swiss"]
[EventRounds "9"]
[EventCountry "ESP"]
[Source "lmi"]
[SourceDate "2012.09.01"]

1. d4 Nf6 2. c4 g6 3. Nc3 d5 4. cxd5 Nxd5 5. e4 Nxc3 6. bxc3 Bg7 7. Bc4 O-O 8.
Ne2 c5 9. O-O Nc6 10. Be3 cxd4 11. cxd4 Bg4 12. f3 Na5 13. Bb5 Bd7 14. Qa4 Bxb5
15. Qxb5 a6 16. Qd3 b5 17. Nc1 Nc4 18. Bf2 Rc8 19. Nb3 e6 20. Rfc1 Qd7 21. a4
Nb2 22. Qd2 Nxa4 23. Qa5 Qb7 24. Rab1 Bh6 25. Nc5 Nxc5 26. Rxc5 Rfd8 27. g3 Bf8
28. Rc3 Rxc3 29. Qxd8 b4 30. Be1 Qc7 31. Qxc7 Rxc7 32. Ra1 b3 33. Rxa6 b2 34.
Rb6 Rc1 35. Rxb2 Rxe1+ 36. Kf2 Rh1 37. h4 Rh2+ 0-1

[Event "3. Memorial Oliver Gonzalez 2012 - B"]
[Site "Madrid ESP"]
[Date "2012.09.01"]
[Round "1.3"]
[White "Vazquez Gonzalez, Francisco"]
[Black "Plazuelo Pascual, Juan"]
[Result "0-1"]
[WhiteElo "2049"]
[BlackElo "1721"]
[PlyCount "46"]
[EventDate "2012.09.01"]
[EventType "swiss"]
[EventRounds "9"]
[EventCountry "ESP"]
[Source "lmi"]
[SourceDate "2012.09.01"]

1. e4 c6 2. d4 d5 3. exd5 cxd5 4. Bd3 Nc6 5. c3 Nf6 6. f4 e6 7. Nf3 Be7 8. O-O
O-O 9. Qc2 a6 10. a4 Rb8 11. Ne5 Qc7 12. Rf3 b5 13. Rh3 h6 14. axb5 axb5 15.
Qe2 Nxd4 16. Qd1 Nc6 17. Ng4 e5 18. Nxf6+ Bxf6 19. f5 e4 20. Qh5 exd3 21. Bxh6
g6 22. fxg6 Bxh3 23. Bg7 fxg6 0-1

[Event "3. Memorial Oliver Gonzalez 2012 - B"]
[Site "Madrid ESP"]
[Date "2012.09.01"]
[Round "1.4"]
[White "Benitez Cadenas, Luis Miguel"]
[Black "Lopez De Turiso, Jose Angel"]
[Result "0-1"]
[WhiteElo "1700"]
[BlackElo "2046"]
[PlyCount "32"]
[EventDate "2012.09.01"]
[EventType "swiss"]
[EventRounds "9"]
[EventCountry "ESP"]
[Source "lmi"]
[SourceDate "2012.09.01"]

1. d4 Nf6 2. c4 e5 3. dxe5 Ne4 4. Qc2 Bb4+ 5. Nc3 d5 6. exd6 Bf5 7. Nf3 Nxc3 8.
Qxf5 Ne4+ 9. Bd2 Nxd2 10. Qe5+ Kf8 11. Nxd2 Nc6 12. Qf4 Bxd6 13. Qf5 g6 14. Qb5
Nb4 15. Qa4 Qe7 16. g3 Nd3+ 0-1

[Event "3. Memorial Oliver Gonzalez 2012 - B"]
[Site "Madrid ESP"]
[Date "2012.09.01"]
[Round "1.5"]
[White "Lara Granero, Bio"]
[Black "Titeiu, Melania"]
[Result "1-0"]
[WhiteElo "2069"]
[BlackElo "1695"]
[PlyCount "59"]
[EventDate "2012.09.01"]
[EventType "swiss"]
[EventRounds "9"]
[EventCountry "ESP"]
[Source "lmi"]
[SourceDate "2012.09.01"]

1. e4 Nf6 2. e5 Nd5 3. c4 Nb6 4. d4 d6 5. Nf3 Bg4 6. exd6 cxd6 7. a4 Qc7 8. b3
Nc6 9. Be2 a5 10. Nc3 e6 11. Nb5 Qd8 12. Bf4 Be7 13. Rc1 O-O 14. O-O Na7 15. c5
Nxb5 16. cxb6 Bxf3 17. Bxf3 Nxd4 18. Qxd4 e5 19. Bxe5 dxe5 20. Qxe5 Bf6 21. Qc7
Rb8 22. Rfd1 Qe7 23. Re1 Qb4 24. Bd5 Rbd8 25. Qxb7 Bd4 26. Bc4 Bxb6 27. Qf3 Rd2
28. Rf1 Qa3 29. Rce1 Qb2 30. Qxf7+ 1-0

[Event "3. Memorial Oliver Gonzalez 2012 - B"]
[Site "Madrid ESP"]
[Date "2012.09.01"]
[Round "1.6"]
[White "Lacaci Otero, Ivan"]
[Black "Rasskin Friederichs, Ivan"]
[Result "0-1"]
[WhiteElo "1686"]
[BlackElo "2015"]
[PlyCount "60"]
[EventDate "2012.09.01"]
[EventType "swiss"]
[EventRounds "9"]
[EventCountry "ESP"]
[Source "lmi"]
[SourceDate "2012.09.01"]

1. e4 g6 2. d4 Bg7 3. Be3 d6 4. Nf3 Nf6 5. Bd3 O-O 6. h3 Nc6 7. c3 e5 8. O-O
Ne8 9. Nh2 exd4 10. cxd4 Nxd4 11. f4 Qe7 12. Na3 Nf5 13. Bf2 Nd4 14. Nc2 Ne6
15. f5 Nc5 16. Bd4 Nxe4 17. Bxg7 Nxg7 18. Qe1 gxf5 19. g4 d5 20. Nd4 fxg4 21.
hxg4 Qc5 22. Qe3 Bd7 23. Rac1 Qb6 24. Rc2 Rae8 25. Rf4 Ne6 26. Rxe4 dxe4 27.
Nhf3 Nxd4 28. Nxd4 exd3 29. Qxd3 c5 30. Rh2 Qg6 0-1

[Event "3. Memorial Oliver Gonzalez 2012 - B"]
[Site "Madrid ESP"]
[Date "2012.09.01"]
[Round "1.7"]
[White "Cavalle Pulla, Daniel"]
[Black "Zhynguel Ramirez De Verger, Al"]
[Result "1-0"]
[WhiteElo "2019"]
[BlackElo "1704"]
[PlyCount "69"]
[EventDate "2012.09.01"]
[EventType "swiss"]
[EventRounds "9"]
[EventCountry "ESP"]
[Source "lmi"]
[SourceDate "2012.09.01"]

1. e4 c5 2. Nf3 d6 3. c3 Nc6 4. h3 Nf6 5. Bd3 g6 6. O-O Bg7 7. Re1 O-O 8. Bc2
Bd7 9. d3 Qc7 10. Nbd2 b5 11. Nf1 b4 12. d4 Rfd8 13. d5 Na5 14. cxb4 cxb4 15.
Bd2 Nc4 16. Bxb4 Nxb2 17. Qc1 Rdc8 18. Qxb2 Qxc2 19. Qxc2 Rxc2 20. Ne3 Rc7 21.
e5 Ne8 22. Rac1 Rac8 23. Rxc7 Rxc7 24. Nd1 Kf8 25. Nc3 Rc4 26. a3 a6 27. Nd2
Rd4 28. Nb3 Rc4 29. Na5 Rc7 30. f4 h6 31. g4 dxe5 32. fxe5 Nd6 33. exd6 Rxc3
34. Bxc3 Bxc3 35. Rxe7 1-0

[Event "3. Memorial Oliver Gonzalez 2012 - B"]
[Site "Madrid ESP"]
[Date "2012.09.01"]
[Round "1.8"]
[White "Martinez Martinez, Antonio"]
[Black "Perez Llera, Javier"]
[Result "0-1"]
[WhiteElo "1667"]
[BlackElo "2015"]
[PlyCount "74"]
[EventDate "2012.09.01"]
[EventType "swiss"]
[EventRounds "9"]
[EventCountry "ESP"]
[Source "lmi"]
[SourceDate "2012.09.01"]

1. e4 d5 2. exd5 Nf6 3. Nc3 Nxd5 4. Bc4 c6 5. d4 e6 6. Nf3 Bb4 7. Bd2 Nd7 8. a4
N7b6 9. Bb3 Bd6 10. Ne2 c5 11. a5 Nd7 12. Bg5 Qc7 13. Bxd5 exd5 14. Nc3 O-O 15.
Nxd5 Re8+ 16. Be3 Qc6 17. c4 cxd4 18. Qxd4 Ne5 19. Nd2 Ng4 20. f4 Nxe3 21. Nxe3
Bc5 22. Qd5 Rxe3+ 23. Kd1 Bg4+ 24. Kc2 Qxd5 25. cxd5 Rc8 26. Nc4 Bb4 27. b3
Bf5+ 28. Kd1 Rxb3 29. Nd2 Rd3 30. Ra2 Bg4+ 31. Ke1 Re8+ 32. Kf2 Re2+ 33. Kf1
Rexd2 34. Rxd2 Rxd2 35. h3 Rd1+ 36. Kf2 Rxh1 37. hxg4 Rd1 0-1

[Event "3. Memorial Oliver Gonzalez 2012 - B"]
[Site "Madrid ESP"]
[Date "2012.09.01"]
[Round "1.9"]
[White "Avendaño Mateos, Jose"]
[Black "Romero Jaime, Pedro"]
[Result "1-0"]
[WhiteElo "2014"]
[BlackElo "1665"]
[PlyCount "75"]
[EventDate "2012.09.01"]
[EventType "swiss"]
[EventRounds "9"]
[EventCountry "ESP"]
[Source "lmi"]
[SourceDate "2012.09.01"]

1. d4 Nf6 2. Nf3 e6 3. Bg5 d5 4. e3 Nbd7 5. Bd3 Bd6 6. c4 c6 7. Nbd2 dxc4 8.
Nxc4 Bb8 9. O-O O-O 10. Nce5 Qa5 11. Nc4 Qc7 12. Bf4 Qd8 13. Nd6 Nb6 14. Nxc8
Bxf4 15. Nxb6 Bxh2+ 16. Nxh2 Qxb6 17. Rb1 Rad8 18. Ng4 Nd5 19. b4 f5 20. Ne5
Nc3 21. Qb3 Nd5 22. a4 Rf6 23. b5 c5 24. a5 Qd6 25. Bc4 Ne7 26. Rbd1 Nd5 27. f4
Rh6 28. Bxd5 exd5 29. dxc5 Qxc5 30. Rd4 Rhd6 31. Rfd1 Kf8 32. Nd3 Qc7 33. Qa3
Ke8 34. a6 Qe7 35. Ne5 Qh4 36. axb7 Rh6 37. Nf3 Qg3 38. Rxd5 1-0

[Event "3. Memorial Oliver Gonzalez 2012 - B"]
[Site "Madrid ESP"]
[Date "2012.09.01"]
[Round "1.10"]
[White "Sierra Bermejo, Gregorio"]
[Black "De Sousa Da Silva, Armando"]
[Result "0-1"]
[WhiteElo "1664"]
[BlackElo "2014"]
[PlyCount "64"]
[EventDate "2012.09.01"]
[EventType "swiss"]
[EventRounds "9"]
[EventCountry "ESP"]
[Source "lmi"]
[SourceDate "2012.09.01"]

1. e4 d5 2. exd5 Qxd5 3. Nc3 Qd6 4. Nf3 Nf6 5. g3 Bg4 6. Bg2 c6 7. d3 e6 8. Bf4
Qd8 9. Qd2 Nbd7 10. O-O Be7 11. a3 O-O 12. Rfe1 Nb6 13. h3 Bxf3 14. Bxf3 Nfd5
15. Ne4 Nxf4 16. Qxf4 Nd5 17. Qd2 Qc7 18. Rad1 Rad8 19. Qc1 c5 20. Re2 h6 21.
Rde1 Rd7 22. Bg2 Rc8 23. Nd2 Nb6 24. Nf3 Bf6 25. Ne5 Rdd8 26. Re4 Bxe5 27. Rxe5
c4 28. dxc4 Nxc4 29. R5e2 b5 30. b3 Nb6 31. Be4 a5 32. Bd3 Rxd3 0-1

[Event "3. Memorial Oliver Gonzalez 2012 - B"]
[Site "Madrid ESP"]
[Date "2012.09.01"]
[Round "1.11"]
[White "Sacristan Latorre, Alberto"]
[Black "Hernanz Villaoslada, Javier"]
[Result "1-0"]
[WhiteElo "2041"]
[BlackElo "1658"]
[PlyCount "25"]
[EventDate "2012.09.01"]
[EventType "swiss"]
[EventRounds "9"]
[EventCountry "ESP"]
[Source "lmi"]
[SourceDate "2012.09.01"]

1. e4 e5 2. Nf3 Nf6 3. Nxe5 d6 4. Nf3 Nxe4 5. Nc3 Nxc3 6. dxc3 Nc6 7. Be3 Be7
8. Qd2 Be6 9. O-O-O O-O 10. Bd3 Ne5 11. Nd4 Nc4 12. Nxe6 Nxd2 13. Nxd8 1-0

[Event "3. Memorial Oliver Gonzalez 2012 - B"]
[Site "Madrid ESP"]
[Date "2012.09.01"]
[Round "1.12"]
[White "Barragan Panal, Juan Jose"]
[Black "Pinel Mirasierra, Jose Pablo"]
[Result "0-1"]
[WhiteElo "1649"]
[BlackElo "1999"]
[PlyCount "104"]
[EventDate "2012.09.01"]
[EventType "swiss"]
[EventRounds "9"]
[EventCountry "ESP"]
[Source "lmi"]
[SourceDate "2012.09.01"]

1. Nf3 d5 2. c4 c6 3. b3 Nf6 4. Bb2 g6 5. g3 Bg7 6. Bg2 O-O 7. O-O Bg4 8. d3
Nbd7 9. Nbd2 Re8 10. Qc2 Rc8 11. e4 e5 12. b4 Qe7 13. Qb3 dxe4 14. Nxe4 Nxe4
15. dxe4 Be6 16. Qc3 f6 17. Ba3 f5 18. Nd2 Red8 19. c5 b6 20. Nc4 bxc5 21. bxc5
Bxc4 22. Qxc4+ Qf7 23. Qxf7+ Kxf7 24. Rad1 Bf8 25. Bh3 Kf6 26. g4 Bxc5 27. Bxc5
Nxc5 28. gxf5 Nxe4 29. fxg6 Rxd1 30. Rxd1 Rg8 31. Kf1 Rxg6 32. Rd7 Rg7 33. Rxg7
Kxg7 34. Bg2 Nc3 35. Bxc6 Nxa2 36. Ke1 Kf6 37. Kd2 Nb4 38. Be4 h5 39. Kc3 Na6
40. Kc4 Nc7 41. f3 Ne6 42. Kb5 Kg5 43. Kc6 Kf4 44. Kb7 Ng5 45. Bc6 a5 46. Kb6
Nxf3 47. Kxa5 Nxh2 48. Be8 h4 49. Kb4 e4 50. Kc3 Kf3 51. Bc6 Ng4 52. Kd2 h3 0-1

[Event "3. Memorial Oliver Gonzalez 2012 - B"]
[Site "Madrid ESP"]
[Date "2012.09.01"]
[Round "1.13"]
[White "Alonso Aranzabal, Iñigo"]
[Black "Duque Suarez, Leonardo"]
[Result "1-0"]
[WhiteElo "1976"]
[BlackElo "1640"]
[PlyCount "61"]
[EventDate "2012.09.01"]
[EventType "swiss"]
[EventRounds "9"]
[EventCountry "ESP"]
[Source "lmi"]
[SourceDate "2012.09.01"]

1. e4 e6 2. d4 d5 3. e5 c5 4. c3 Nc6 5. Nf3 Qb6 6. a3 c4 7. g3 Bd7 8. Nbd2 Na5
9. Bh3 Be7 10. O-O O-O-O 11. Ne1 f6 12. exf6 gxf6 13. Nc2 Nc6 14. Rb1 e5 15.
Bxd7+ Rxd7 16. b3 cxb3 17. Rxb3 Qc7 18. dxe5 fxe5 19. Nf3 Nf6 20. Nb4 Na5 21.
Rb1 Nc4 22. Ng5 Bc5 23. Ne6 Qd6 24. Nxc5 Qxc5 25. Nd3 Qd6 26. Qa4 a6 27. Re1
Ne4 28. Rxe4 dxe4 29. Qxc4+ Kb8 30. Nxe5 Qxe5 31. Bf4 1-0

[Event "3. Memorial Oliver Gonzalez 2012 - B"]
[Site "Madrid ESP"]
[Date "2012.09.01"]
[Round "1.14"]
[White "Melcon Diez, Enrique"]
[Black "Fernandez Lago, David"]
[Result "0-1"]
[WhiteElo "1635"]
[BlackElo "1976"]
[PlyCount "104"]
[EventDate "2012.09.01"]
[EventType "swiss"]
[EventRounds "9"]
[EventCountry "ESP"]
[Source "lmi"]
[SourceDate "2012.09.01"]

1. c4 e5 2. Nc3 Nf6 3. Nf3 Nc6 4. g3 d6 5. d4 Bg4 6. Bg2 Qc8 7. d5 Ne7 8. Bg5
Bh3 9. Bxf6 Bxg2 10. Bxe7 Bxh1 11. Bxf8 Rxf8 12. Qa4+ Qd7 13. Qxd7+ Kxd7 14.
Nh4 g5 15. O-O-O gxh4 16. Rxh1 f5 17. Kd2 Rg8 18. e3 Raf8 19. Ne2 Rg4 20. b3 h5
21. Ke1 c6 22. f3 Rgg8 23. Nc3 h3 24. Kf2 Rg7 25. dxc6+ bxc6 26. Rd1 Ke6 27. b4
h4 28. f4 Rfg8 29. Ne2 hxg3+ 30. Nxg3 Rb8 31. Rxd6+ Kxd6 32. Nxf5+ Kd7 33. Nxg7
exf4 34. exf4 Rg8 35. Nf5 Rg2+ 36. Kf3 Rxh2 37. Kg4 Rf2 38. Ng3 h2 39. Kh3 Rxf4
40. Kxh2 Rxc4 41. a3 Rc2+ 42. Kh3 Rc3 43. a4 Ra3 44. a5 Rb3 45. Kg2 Rxb4 46.
Kf2 Ra4 47. Ke2 Rxa5 48. Kd2 Ra2+ 49. Kc1 c5 50. Ne4 Kc6 51. Nc3 Ra3 52. Kb2
Rxc3 0-1

[Event "3. Memorial Oliver Gonzalez 2012 - B"]
[Site "Madrid ESP"]
[Date "2012.09.01"]
[Round "1.15"]
[White "Lopez Heras, Arturo"]
[Black "Morona Minguez, Miguel"]
[Result "1-0"]
[WhiteElo "1976"]
[BlackElo "1631"]
[PlyCount "79"]
[EventDate "2012.09.01"]
[EventType "swiss"]
[EventRounds "9"]
[EventCountry "ESP"]
[Source "lmi"]
[SourceDate "2012.09.01"]

1. e4 e5 2. Nf3 Nc6 3. Bc4 Be7 4. O-O Nf6 5. d3 d6 6. c3 Na5 7. Bb5+ Bd7 8.
Bxd7+ Qxd7 9. Re1 O-O-O 10. b4 Nc6 11. a4 d5 12. b5 dxe4 13. bxc6 Qxc6 14. Nxe5
Qd5 15. d4 h5 16. Be3 Bd6 17. Qe2 Bxe5 18. dxe5 Qxe5 19. Bxa7 Ng4 20. g3 Qf5
21. Nd2 Rxd2 22. Qxd2 Ne5 23. Qe3 Nf3+ 24. Kg2 Nxe1+ 25. Rxe1 Re8 26. Bd4 g5
27. h3 b6 28. Qe2 c5 29. Be3 h4 30. g4 Qe5 31. Qa6+ Kc7 32. Qa7+ Kc6 33. Qxf7
Re7 34. Qg6+ Re6 35. Qxg5 Qxc3 36. Rc1 Qb4 37. Qg8 Rd6 38. Qc8+ Kd5 39. Rf1 Ke5
40. Qf5# 1-0

[Event "3. Memorial Oliver Gonzalez 2012 - B"]
[Site "Madrid ESP"]
[Date "2012.09.01"]
[Round "1.16"]
[White "Folgar Lopez, Angel"]
[Black "Zanoletty Garcia, David"]
[Result "0-1"]
[WhiteElo "1622"]
[BlackElo "1962"]
[PlyCount "60"]
[EventDate "2012.09.01"]
[EventType "swiss"]
[EventRounds "9"]
[EventCountry "ESP"]
[Source "lmi"]
[SourceDate "2012.09.01"]

1. d4 d5 2. Nf3 Nf6 3. e3 e6 4. Bd3 c5 5. c3 Bd6 6. O-O Nbd7 7. Nbd2 O-O 8. Re1
e5 9. dxe5 Nxe5 10. Nxe5 Bxe5 11. Nf3 Bc7 12. Qc2 Bg4 13. Be2 Ne4 14. g3 Qf6
15. Qd1 Rad8 16. Rf1 Bh3 17. Bd2 Bxf1 18. Bxf1 d4 19. exd4 cxd4 20. Qe2 Nxd2
21. Nxd2 dxc3 22. Ne4 Qe5 23. Nxc3 Qxe2 24. Bxe2 Rd2 25. Rb1 Bb6 26. Kf1 Bd4
27. a3 Re8 28. Ke1 Rxb2 29. Rxb2 Bxc3+ 30. Rd2 Rd8 0-1

[Event "3. Memorial Oliver Gonzalez 2012 - B"]
[Site "Madrid ESP"]
[Date "2012.09.01"]
[Round "1.17"]
[White "Rives Higueras, Alan"]
[Black "Hernandez Ramos, David"]
[Result "1-0"]
[WhiteElo "1959"]
[BlackElo "1661"]
[PlyCount "59"]
[EventDate "2012.09.01"]
[EventType "swiss"]
[EventRounds "9"]
[EventCountry "ESP"]
[Source "lmi"]
[SourceDate "2012.09.01"]

1. e4 e6 2. d4 d5 3. e5 c5 4. c3 Nc6 5. Nf3 Qb6 6. Bd3 cxd4 7. cxd4 Bd7 8. O-O
Nxd4 9. Nxd4 Qxd4 10. Nc3 a6 11. Re1 Qb6 12. Re2 Ne7 13. Bf4 Nc6 14. Na4 Qa5
15. Bd2 Qc7 16. Rc1 b5 17. Nc5 Qa7 18. Nxd7 Qxd7 19. Bf4 Be7 20. Rec2 Rc8 21.
a4 Qb7 22. axb5 axb5 23. Qg4 g6 24. Bh6 Bf8 25. Bxf8 Rxf8 26. Rc5 Kd8 27. Bxb5
Ne7 28. Rxc8+ Nxc8 29. Qa4 Na7 30. Qa5+ 1-0

[Event "3. Memorial Oliver Gonzalez 2012 - B"]
[Site "Madrid ESP"]
[Date "2012.09.01"]
[Round "1.18"]
[White "Cepas Castillo, Juan Carlos"]
[Black "Rodriguez Dorado, Victor"]
[Result "0-1"]
[WhiteElo "1610"]
[BlackElo "1958"]
[PlyCount "54"]
[EventDate "2012.09.01"]
[EventType "swiss"]
[EventRounds "9"]
[EventCountry "ESP"]
[Source "lmi"]
[SourceDate "2012.09.01"]

1. e4 c6 2. d4 d5 3. Nc3 b5 4. exd5 b4 5. Na4 cxd5 6. Nc5 e6 7. Bb5+ Bd7 8.
Nxd7 Nxd7 9. Bd2 Ngf6 10. Nf3 Bd6 11. Ne5 O-O 12. Nxd7 Nxd7 13. Bxd7 Qxd7 14.
Qg4 Rac8 15. Rc1 Rc4 16. O-O Rfc8 17. c3 bxc3 18. Rxc3 Rxc3 19. Bxc3 Qa4 20. a3
Bxa3 21. bxa3 Rxc3 22. Qf4 h6 23. Rb1 Qxa3 24. Rb8+ Kh7 25. h3 Qc1+ 26. Qxc1
Rxc1+ 27. Kh2 Rc7 0-1

[Event "3. Memorial Oliver Gonzalez 2012 - B"]
[Site "Madrid ESP"]
[Date "2012.09.01"]
[Round "1.19"]
[White "Noval Toldos, Francisco Javier"]
[Black "Sanchez Tapia, Luis G"]
[Result "1-0"]
[WhiteElo "1956"]
[BlackElo "1605"]
[PlyCount "67"]
[EventDate "2012.09.01"]
[EventType "swiss"]
[EventRounds "9"]
[EventCountry "ESP"]
[Source "lmi"]
[SourceDate "2012.09.01"]

1. d4 Nf6 2. c4 e6 3. Nf3 d6 4. Nc3 Bd7 5. e4 h6 6. Bd3 Nc6 7. O-O a6 8. h3 Qc8
9. e5 dxe5 10. dxe5 Ng8 11. Be3 Bb4 12. Ne4 Be7 13. a3 Bf8 14. b4 Nge7 15. Nc5
b6 16. Nb3 Qd8 17. Be4 Rb8 18. Qe2 Qc8 19. Rfd1 Nf5 20. Rxd7 Qxd7 21. Rd1 Ncd4
22. Nbxd4 Ne7 23. Nc6 Qc8 24. Na7 Qd8 25. Rxd8+ Rxd8 26. Nd4 g6 27. Nac6 Rc8
28. Nxe7 Bxe7 29. Bc6+ Kf8 30. Qf3 Kg7 31. Bb7 Rcd8 32. Nc6 Rd7 33. Nxe7 Rxe7
34. Qf6+ 1-0

[Event "3. Memorial Oliver Gonzalez 2012 - B"]
[Site "Madrid ESP"]
[Date "2012.09.01"]
[Round "1.20"]
[White "Martin Garcia, Francisco J"]
[Black "Morona Minguez, Irene"]
[Result "0-1"]
[WhiteElo "1609"]
[BlackElo "1952"]
[PlyCount "78"]
[EventDate "2012.09.01"]
[EventType "swiss"]
[EventRounds "9"]
[EventCountry "ESP"]
[Source "lmi"]
[SourceDate "2012.09.01"]

1. e4 c5 2. Nf3 e6 3. d4 cxd4 4. Nxd4 Nf6 5. Nc3 Nc6 6. Be2 Bb4 7. Nxc6 bxc6 8.
Qd4 c5 9. Qe5 Bb7 10. Bf4 d6 11. Bb5+ Ke7 12. Qg5 Bxe4 13. Rd1 d5 14. O-O Bxc3
15. bxc3 h6 16. Qg3 Bxc2 17. Rd2 Ne4 18. Bc7 Nxg3 19. Bxd8+ Rhxd8 20. fxg3 Be4
21. Rdf2 f6 22. Re1 a6 23. Ba4 c4 24. Bc2 Bxc2 25. Rxc2 Rab8 26. Ree2 Rb1+ 27.
Kf2 Rdb8 28. Rcd2 Kd6 29. Rc2 a5 30. a4 Ra1 31. Rb2 Rb3 32. Rec2 Rxa4 33. Ke2
Ra1 34. Kd2 a4 35. Ra2 Rxa2 36. Rxa2 a3 37. g4 e5 38. g3 e4 39. h4 Rb2+ 0-1

[Event "3. Memorial Oliver Gonzalez 2012 - B"]
[Site "Madrid ESP"]
[Date "2012.09.01"]
[Round "1.21"]
[White "Rosa Ramirez, Victor D"]
[Black "Rottenwoerer, Christoph"]
[Result "1-0"]
[WhiteElo "1951"]
[BlackElo "1599"]
[PlyCount "113"]
[EventDate "2012.09.01"]
[EventType "swiss"]
[EventRounds "9"]
[EventCountry "ESP"]
[Source "lmi"]
[SourceDate "2012.09.01"]

1. e4 c5 2. c3 d5 3. exd5 Qxd5 4. d4 g6 5. Nf3 Bg7 6. Be3 Nh6 7. dxc5 Qxd1+ 8.
Kxd1 Bg4 9. Bb5+ Nc6 10. Nbd2 O-O 11. h3 Bxf3+ 12. Nxf3 Nf5 13. Re1 Nxe3+ 14.
Rxe3 Rfd8+ 15. Kc2 e6 16. Bxc6 bxc6 17. Rd1 Rxd1 18. Kxd1 Rd8+ 19. Kc2 Rd5 20.
b4 Kf8 21. Rd3 e5 22. Nd2 Ke7 23. a4 Rxd3 24. Kxd3 f5 25. f3 Kd7 26. Nc4 a6 27.
Nd2 Bh6 28. c4 Bf8 29. Nb3 Be7 30. b5 Kc7 31. b6+ Kc8 32. Na5 Bxc5 33. Nxc6
Bxb6 34. Nxe5 Kc7 35. Kc3 a5 36. Nd3 Kd6 37. g4 fxg4 38. fxg4 Be3 39. Kc2 Bb6
40. Kd2 Bd8 41. Ke3 Bg5+ 42. Ke4 Be7 43. c5+ Kc6 44. Kd4 Bf6+ 45. Kc4 Ba1 46.
Ne1 Bf6 47. Nf3 Ba1 48. Nd4+ Bxd4 49. Kxd4 g5 50. Kc4 h6 51. Kd4 Kd7 52. Kd5
Kc8 53. c6 Kc7 54. Kc5 Kb8 55. Kb6 Kc8 56. Kxa5 Kc7 57. Kb5 1-0

[Event "3. Memorial Oliver Gonzalez 2012 - B"]
[Site "Madrid ESP"]
[Date "2012.09.01"]
[Round "1.22"]
[White "Perez Carballeira, Francisco"]
[Black "Mañas Molina, Angel"]
[Result "0-1"]
[WhiteElo "1585"]
[BlackElo "1939"]
[PlyCount "52"]
[EventDate "2012.09.01"]
[EventType "swiss"]
[EventRounds "9"]
[EventCountry "ESP"]
[Source "lmi"]
[SourceDate "2012.09.01"]

1. d4 d5 2. c4 e5 3. e3 exd4 4. exd4 dxc4 5. Bxc4 Nf6 6. Nf3 Bb4+ 7. Nc3 O-O 8.
O-O Bg4 9. Be2 c6 10. a3 Ba5 11. Ne5 Bxe2 12. Nxe2 h6 13. Ng3 Nbd7 14. Nf3 Nd5
15. Nf5 Re8 16. Nd6 Re6 17. Nxb7 Qc7 18. Nxa5 Qxa5 19. Bd2 Qb6 20. Bc3 Rae8 21.
Re1 Rxe1+ 22. Nxe1 N7f6 23. Qc2 Nf4 24. Kh1 Qb5 25. Nf3 Re2 26. Qf5 Qxf5 0-1

[Event "3. Memorial Oliver Gonzalez 2012 - B"]
[Site "Madrid ESP"]
[Date "2012.09.01"]
[Round "1.23"]
[White "Marcos Herrero, Francisco"]
[Black "Cavalle Pulla, Juan"]
[Result "1-0"]
[WhiteElo "1937"]
[BlackElo "1571"]
[PlyCount "53"]
[EventDate "2012.09.01"]
[EventType "swiss"]
[EventRounds "9"]
[EventCountry "ESP"]
[Source "lmi"]
[SourceDate "2012.09.01"]

1. d4 Nf6 2. c4 g6 3. g3 d5 4. cxd5 Bg7 5. Bg2 Nxd5 6. Nc3 Nxc3 7. bxc3 O-O 8.
Nf3 e5 9. Nxe5 Bxe5 10. dxe5 Qxd1+ 11. Kxd1 Nc6 12. f4 g5 13. Be4 g4 14. Rb1
Rb8 15. Bxc6 b6 16. Kc2 f6 17. Ba3 Rf7 18. Bd5 Kg7 19. e6 Rf8 20. Bxf8+ Kxf8
21. f5 Bb7 22. Bxb7 Rxb7 23. h3 h5 24. hxg4 hxg4 25. Rbd1 c5 26. Rh8+ Ke7 27.
Rh7+ 1-0

[Event "3. Memorial Oliver Gonzalez 2012 - B"]
[Site "Madrid ESP"]
[Date "2012.09.01"]
[Round "1.24"]
[White "Tevar Becerra, Alvaro"]
[Black "Tirado Parra, Alberto"]
[Result "1/2-1/2"]
[WhiteElo "1559"]
[BlackElo "1910"]
[PlyCount "63"]
[EventDate "2012.09.01"]
[EventType "swiss"]
[EventRounds "9"]
[EventCountry "ESP"]
[Source "lmi"]
[SourceDate "2012.09.01"]

1. e4 d5 2. exd5 Qxd5 3. Nc3 Qa5 4. d4 Nf6 5. Bd2 c6 6. Nf3 Bf5 7. Bc4 e6 8. a3
Nbd7 9. O-O Qc7 10. Re1 Nb6 11. Bb3 Bd6 12. h3 h6 13. Ne5 O-O 14. Qe2 Nbd5 15.
Nxd5 exd5 16. Qf3 Be4 17. Qg3 Bg6 18. c4 Ne4 19. Qe3 Bxe5 20. dxe5 d4 21. Qf4
Nc5 22. Qf3 Nd3 23. Re2 Nxb2 24. Bxh6 gxh6 25. Rxb2 Qxe5 26. Re2 Qg5 27. Rae1
Bh5 28. g4 Bg6 29. Re7 Qd2 30. R1e2 Qc3 31. Qxc3 dxc3 32. Bc2 1/2-1/2

[Event "3. Memorial Oliver Gonzalez 2012 - B"]
[Site "Madrid ESP"]
[Date "2012.09.01"]
[Round "1.25"]
[White "Ruiz Quevedo, Andres"]
[Black "Salgado Duarte, Pablo"]
[Result "1-0"]
[WhiteElo "1916"]
[BlackElo "1579"]
[PlyCount "79"]
[EventDate "2012.09.01"]
[EventType "swiss"]
[EventRounds "9"]
[EventCountry "ESP"]
[Source "lmi"]
[SourceDate "2012.09.01"]

1. Nf3 d5 2. c4 Nf6 3. cxd5 Nxd5 4. e4 Nb6 5. d4 g6 6. Nc3 Bg7 7. Be3 Nc6 8. h3
a6 9. Be2 O-O 10. O-O Re8 11. Qd2 e6 12. Rfd1 Qe7 13. Bf4 Rd8 14. Qc2 Bd7 15.
Bg5 f6 16. Bh4 Qf8 17. e5 Re8 18. Bg3 Rac8 19. Ne4 Nb4 20. Qd2 N4d5 21. exf6
Nxf6 22. Nc5 Bc6 23. Ng5 Bd5 24. Re1 Bh6 25. h4 Nfd7 26. Qc2 Nxc5 27. dxc5 Nd7
28. c6 bxc6 29. Bxa6 Ra8 30. Bc4 Bxg5 31. hxg5 Qc5 32. Rac1 Qb6 33. Bxd5 exd5
34. Rxe8+ Rxe8 35. Qxc6 Re1+ 36. Kh2 Rxc1 37. Qxc1 c5 38. Qe3 Nf8 39. Qe7 Ne6
40. Bd6 1-0

[Event "3. Memorial Oliver Gonzalez 2012 - B"]
[Site "Madrid ESP"]
[Date "2012.09.01"]
[Round "1.26"]
[White "Serrano Leiva, Ana"]
[Black "Garcia Serrano, Jose M. Ii"]
[Result "0-1"]
[WhiteElo "1539"]
[BlackElo "1896"]
[PlyCount "40"]
[EventDate "2012.09.01"]
[EventType "swiss"]
[EventRounds "9"]
[EventCountry "ESP"]
[Source "lmi"]
[SourceDate "2012.09.01"]

1. e4 e5 2. Nf3 Nc6 3. Bb5 a6 4. Ba4 Nf6 5. d3 b5 6. Bb3 h6 7. O-O Bc5 8. h3 d6
9. c3 Bb6 10. Nbd2 g5 11. Nh2 h5 12. Ndf3 Nh7 13. d4 g4 14. hxg4 hxg4 15. Ne1
Qh4 16. dxe5 Ng5 17. Bf4 g3 18. Bxg3 Qxg3 19. Nef3 Bh3 20. Ne1 Bxg2 0-1